Bandmitglieder Quiz - Deutsche Bands - Statistiken

Allgemein
  • Dieses Quiz wurde 8.064 mal gespielt
  • Das Durchschnittsergebnis liegt bei 10 aus 22
Antwortstatistiken
Mitglieder Bands % Korrekt
Lindemann, Kruspe, Landers, Riedel, Schneider, Lorenz Rammstein
89%
Beck, D, Ypsilon, Smudo Die Fantastischen Vier
85%
Kaulitz, Kaulitz, Listing, Schäfer Tokio Hotel
83%
Campino, von Holst, Breitkopf, Meurer, Ritchie Die Toten Hosen
82%
Bohlen, Anders Modern Talking
79%
Urlaub, B, González Die Ärzte
75%
Baxxter, Frog, Blou Scooter
69%
Humpe, Tawil Ich + Ich
56%
Naidoo, Eisenmann, Davis, Herberger Söhne Mannheims
56%
Kloß, Stolle, Stolle, Nowak Silbermond
47%
Meine, Schenker, Jabs, Dee, Mąciwoda Scorpions
39%
Diakovska, Mölling, Wahls, Benaissa, Petruo No Angels
38%
Fox, Dellé, Trowers, Based, Delgado, DJ Luke, Bugnon, Reibold, Rudy, Cordes Seeed
36%
Krumbiegel, Künzel, Lenk, Sembdner, Schmidt, Dietrich, Zieme Die Prinzen
35%
Engler, Crawford, Buttas, Reidl, Ulmer, Ansel, Dapper, Gehring Pur
35%
Niedecken, Rode, Kopal, Reich, Nass, de Wolff, Krija BAP
32%
AnNa R., Plate Rosenstolz
32%
Capristo, Guemmour, Kizil Monrose
27%
Garvey, Bossert, Gommeringer, Rauenbusch, Padotzke Reamonn
17%
Nasić, Rümenapp, Poschwatta, Ude Guano Apes
15%
Horler, Manian, Yanou Cascada
10%
Hütter, Schneider, Hilpert, Schmitz, Grieffenhagen Kraftwerk
9%
Keine übereinstimmenden Quizze gefunden
Verteilung der Resultate
Anzahl Personen mit jedem Resultat
Perzentil nach korrekt beantworteten Fragen
Ihre Resultats-Entwicklung
Sie haben dieses Quiz noch nicht gespielt